000 00530pam a2200205 a 4500
020 _c
040 _adental College Lib
041 _aeng
_heng
082 _a617.522
_bEUE
100 _aEuersole, Lewis .
245 _aClinical outline of oral Pathology /
_c.
_hTextual Documents
250 _a2 /
_b.
260 _aPhiladelphia :
_blea & Febiger ,
_c1984.
300 _a257 ;
_c24X17.
365 _a687.30
653 _aOral Pathology
930 _a1288
999 _c40691
_d40691